书目信息 |
| 题名: |
小学思想品德课程60年
|
|
| 作者: | 翟楠, , 薛晓阳, 著 | |
| 分册: | ||
| 出版信息: | 镇江 江苏大学出版社 2011 |
|
| 页数: | 240页 | |
| 开本: | 25cm | |
| 丛书名: | 小学课程史研究丛书 | |
| 单 册: | ||
| 中图分类: | G629.29 | |
| 科图分类: | ||
| 主题词: | 小学--Xiao Xue--思想品德课--教育史--中国--1949-2009 | |
| 电子资源: | ||
| ISBN: | 978-7-81130-284-4 | |
| 000 | 01050nam 2200289 450 | |
| 001 | 012001001093 | |
| 005 | 20131026090636.0 | |
| 010 | @a978-7-81130-284-4@dCNY43.00 | |
| 099 | @aCAL 012012197323 | |
| 100 | @a20120412d2011 em y0chiy0121 ea | |
| 101 | 0 | @achi |
| 102 | @aCN@b320000 | |
| 105 | @ay a 000yy | |
| 106 | @ar | |
| 200 | 1 | @a小学思想品德课程60年@Axiao xue si xiang pin de ke cheng 60 nian@e1949-2009@f翟楠, 薛晓阳著 |
| 210 | @a镇江@c江苏大学出版社@d2011 | |
| 215 | @a240页@d25cm | |
| 225 | 2 | @a小学课程史研究丛书@Axiao xue ke cheng shi yan jiu cong shu |
| 320 | @a有书目 (第237-238页) | |
| 330 | @a本书通过检视我国小学思想品德课程60年理论与实践、思想与制度的发展轨迹,对小学思想品德课程、教学、评价的历史演变做了审视和考察。 | |
| 410 | 0 | @12001@a小学课程史研究丛书 |
| 606 | 0 | @a小学@AXiao Xue@x思想品德课@x教育史@y中国@z1949-2009 |
| 690 | @aG629.29@v5 | |
| 701 | 0 | @a翟楠,@Azhai nan@f1980-@4著 |
| 701 | 0 | @a薛晓阳,@Axue xiao yang@f1958-@4著 |
| 801 | 2 | @aCN@b上海新华@c20191020 |
| 905 | @b1222517-20@dG629.29@e927@f4 | |
| 小学思想品德课程60年:1949-2009/翟楠, 薛晓阳著.-镇江:江苏大学出版社,2011 |
| 240页;25cm.-(小学课程史研究丛书) |
| ISBN 978-7-81130-284-4:CNY43.00 |
| 本书通过检视我国小学思想品德课程60年理论与实践、思想与制度的发展轨迹,对小学思想品德课程、教学、评价的历史演变做了审视和考察。 |
| ● |
| 相关链接 |
|
|
|
|
正题名:小学思想品德课程60年
索取号:G629.29/927
 
预约/预借
| 序号 | 登录号 | 条形码 | 馆藏地/架位号 | 状态 | 备注 |
| 1 | 1222517 | 212225171 | 第一样本阅览室/ [索取号:G629.29/927] | 在馆 | |
| 2 | 1222518 | 212225180 | 教育系资料室/ [索取号:G629.29/927] | 在馆 | |
| 3 | 1222519 | 212225199 | 教育系资料室/ [索取号:G629.29/927] | 在馆 | |
| 4 | 1222520 | 212225206 | 第四借阅区/ [索取号:G629.29/927] | 在馆 |